| 000 | 00904ata a2200337 4500 | ||
|---|---|---|---|
| 005 | 20170124123837.0 | ||
| 008 | 150624b xxu||||| |||| 00| 0 spa d | ||
| 041 | _aspa | ||
| 082 | _a658.15 M729a | ||
| 100 |
_aMollar, Eduardo Alonso _936977 |
||
| 245 | _aABC de las finanzas | ||
| 260 | _aEspaña | ||
| 260 | _bCeac | ||
| 260 | _c2004 | ||
| 300 | _a196 páginas | ||
| 650 |
_aADMINISTRACIÓN FINANCIERA _927 |
||
| 650 |
_aFINANZAS _928 |
||
| 650 |
_aCUENTAS ANUALES _923926 |
||
| 650 |
_aANÁLISIS DE CUENTAS _926495 |
||
| 650 |
_aINVERSIONES _91453 |
||
| 650 |
_aGESTIÓN FINANCIERA _936978 |
||
| 650 |
_aCRÉDITO _975 |
||
| 650 |
_aPRÉSTAMO PERSONAL _936979 |
||
| 650 |
_aPRÉSTAMO HIPOTECARIO _936980 |
||
| 650 |
_aLEASING _912272 |
||
| 650 |
_aRENTING _936981 |
||
| 650 |
_aDESCUENTOS _936982 |
||
| 650 |
_aPÓLIZA DE CRÉDITO _936983 |
||
| 650 |
_aFACTORING _936984 |
||
| 942 | _cBK | ||
| 999 |
_c6298 _d6298 |
||